000 00390nam a2200145Ia 4500
008 231129s1980||||xx |||||||||||||| ||spa||
020 _a84-335-6560-5
040 _bspa
082 _a658.5 E34p
100 _aEilon Samuel
245 0 _aLa produccion : Planificacion organizacion y control
260 _c1980
264 _aLabor
942 _2ddc
_cBKS
999 _c18000
_d18000